|
|
|
|
| LEADER |
01010nam a2200253 a 4500 |
| 001 |
15979363 |
| 008 |
120109s2010 ctua 001 0 eng d |
| 010 |
|
|
|a 2009517387
|
| 020 |
|
|
|a 9781933988399 (pbk.)
|
| 020 |
|
|
|a 1933988398 (pbk.)
|
| 040 |
|
|
|a UKM
|c UKM
|d YDXCP
|d TXA
|d BWX
|d IHY
|d DLC
|d BD-DhAAL
|
| 082 |
0 |
4 |
|a 519.5028553
|2 22
|
| 100 |
1 |
|
|a Janert, Philipp K.
|
| 245 |
1 |
0 |
|a Gnuplot in action :
|b understanding data with graphs /
|c Philipp K. Janert.
|
| 260 |
|
|
|a Greenwich, Conn. :
|b Manning Publications,
|c c2010.
|
| 300 |
|
|
|a xxxi, 360 p. :
|b ill. (some col.) ;
|c 24 cm.
|
| 500 |
|
|
|a Includes index.
|
| 541 |
1 |
|
|e 00024179
|
| 630 |
0 |
0 |
|a Gnuplot (Computer file)
|
| 650 |
|
0 |
|a Statistics
|x Data processing.
|
| 650 |
|
0 |
|a Graph theory
|x Data processing.
|
| 852 |
1 |
|
|a Ayesha Abed Library
|j General shelf
|
| 999 |
|
|
|c 11737
|d 11737
|
| 952 |
|
|
|0 0
|1 0
|4 0
|6 519_502855300000000_JAN
|7 0
|9 19071
|a BRACUL
|b BRACUL
|c GEN
|d 2012-01-03
|e Riza Enterprise
|g 2982.00
|l 2
|m 7
|o 519.5028553 JAN
|p 3010024179
|r 2014-04-24
|s 2014-03-16
|t 1
|w 2012-01-09
|y BK
|